[Event "Heusenstamm Sparkassen op-A 5th"]
[Site "Heusenstamm"]
[Date "2018.11.25"]
[Round "6"]
[White "Skarke, Harald"]
[Black "Haenselmann, Hendrik"]
[Result "1/2-1/2"]
[WhiteElo "1958"]
[BlackElo "1705"]
[PlyCount "46"]
[EventDate "2018.11.22"]
[EventType "swiss"]
[EventRounds "7"]
[EventCountry "GER"]
[SourceTitle "CBM 188 Extra"]
[Source "ChessBase"]
[SourceDate "2019.02.26"]
[SourceVersion "1"]
[SourceVersionDate "2019.02.26"]
[SourceQuality "1"]

1. e4 c5 2. c3 d5 3. exd5 Qxd5 4. d4 Nf6 5. Nf3 Nc6 6. Be3 cxd4 7. cxd4 e6 8. Nc3 Qd8 9. Bb5 Be7 10. Ne5 Bd7 11. Nxc6 Bxc6 12. Bxc6+ bxc6 13. Qa4 Qd7 14. 0-0 0-0 15. Rac1 Qb7 16. Qc2 Rfc8 17. Na4 Nd5 18. a3 Rab8 19. b4 h6 20. Rb1 Qc7 21. Bd2 Bd6 22. g3 Rb5 23. Rfc1 Be7 1/2-1/2

[Event "Heusenstamm Sparkassen op-A 4th"]
[Site "Heusenstamm"]
[Date "2017.11.24"]
[Round "2"]
[White "Skarke, Harald"]
[Black "Engel, Jan"]
[Result "1-0"]
[WhiteElo "1988"]
[BlackElo "1830"]
[PlyCount "57"]
[EventDate "2017.11.23"]
[EventType "swiss"]
[EventRounds "7"]
[EventCountry "GER"]
[SourceTitle "EXT 2019"]
[Source "ChessBase"]
[SourceDate "2018.10.10"]
[SourceVersion "1"]
[SourceVersionDate "2018.10.10"]
[SourceQuality "1"]

1. e4 c5 2. d4 cxd4 3. c3 d3 4. Bxd3 Nc6 5. c4 g6 6. Nc3 Bg7 7. Nf3 d6 8. h3 Nf6 9. 0-0 Bd7 10. Bf4 0-0 11. Qd2 Rc8 12. Rad1 Be8 13. Bb1 Nd7 14. b3 Nde5 15. Nxe5 Nxe5 16. Bh6 Bc6 17. Bxg7 Kxg7 18. f4 Qb6+ 19. Kh2 Nd7 20. Qe2 Kg8 21. Rd3 Nc5 22. Rg3 a5 23. e5 dxe5 24. f5 a4 25. Qh5 e4 26. Rf4 Kh8 27. Qh6 g5 28. Rxg5 Rg8 29. Rh4 1-0

[Event "Hessenliga 1718"]
[Site "Hessen"]
[Date "2017.11.19"]
[Round "3.8"]
[White "Korchounov, Andrei"]
[Black "Skarke, Harald"]
[Result "1/2-1/2"]
[WhiteElo "1775"]
[BlackElo "1988"]
[PlyCount "55"]
[EventDate "2017.09.17"]
[EventType "team-tourn"]
[EventRounds "9"]
[EventCountry "GER"]
[SourceTitle "CBM 189 Extra"]
[Source "ChessBase"]
[SourceDate "2019.06.03"]
[SourceVersion "1"]
[SourceVersionDate "2019.06.03"]
[SourceQuality "1"]
[WhiteTeam "Bad Nauheim"]
[BlackTeam "Neuberg II"]
[WhiteTeamCountry "GER"]
[BlackTeamCountry "GER"]

1. c4 g6 2. g3 Bg7 3. Bg2 d6 4. Nc3 e5 5. e3 c6 6. d4 Qc7 7. h3 Ne7 8. Nge2 0-0 9. 0-0 Nd7 10. b4 f5 11. Qb3 Kh8 12. Bb2 Nf6 13. Rac1 Bd7 14. Rfd1 Rac8 15. a4 g5 16. Ba3 Rfe8 17. b5 e4 18. Qb4 c5 19. dxc5 dxc5 20. Qb3 b6 21. Bb2 Be6 22. a5 Rcd8 23. axb6 axb6 24. Ra1 Rxd1+ 25. Rxd1 Rd8 26. Rxd8+ Qxd8 27. Na4 Nc8 28. Be5 1/2-1/2

[Event "Oberliga Ost-B 1617"]
[Site "Germany"]
[Date "2017.05.07"]
[Round "11.8"]
[White "Skarke, Harald"]
[Black "Buerckner, Georg"]
[Result "1/2-1/2"]
[WhiteElo "2013"]
[BlackElo "2052"]
[PlyCount "49"]
[EventDate "2016.10.16"]
[EventType "team-tourn"]
[EventRounds "11"]
[EventCountry "GER"]
[SourceTitle "EXT 2018"]
[Source "ChessBase"]
[SourceDate "2017.10.13"]
[SourceVersion "1"]
[SourceVersionDate "2017.10.13"]
[SourceQuality "1"]
[WhiteTeam "Neuberg"]
[BlackTeam "Sangerhausen"]
[WhiteTeamCountry "GER"]
[BlackTeamCountry "GER"]

1. e4 e5 2. Bc4 d6 3. Nc3 Nf6 4. d3 Be7 5. f4 exf4 6. Bxf4 0-0 7. Nf3 Nc6 8. 0-0 Na5 9. Bb3 Nxb3 10. axb3 b6 11. Ne2 Nh5 12. Be3 Bb7 13. c4 a5 14. Nc3 Bf6 15. Qd2 Qd7 16. h3 Bxc3 17. bxc3 f5 18. exf5 Ng3 19. Rf2 Nxf5 20. Bf4 Rae8 21. d4 Bxf3 22. Rxf3 Nh4 23. Rff1 Qe6 24. Rae1 Qg6 25. Rxe8 1/2-1/2

[Event "Heusenstamm Sparkassen op-A 3rd"]
[Site "Heusenstamm"]
[Date "2016.11.25"]
[Round "2"]
[White "Thomas, Tobias"]
[Black "Skarke, Harald"]
[Result "1-0"]
[WhiteElo "1842"]
[BlackElo "2013"]
[PlyCount "73"]
[EventDate "2016.11.24"]
[EventType "swiss"]
[EventRounds "7"]
[EventCountry "GER"]
[SourceTitle "EXT 2018"]
[Source "ChessBase"]
[SourceDate "2017.10.13"]
[SourceVersion "1"]
[SourceVersionDate "2017.10.13"]
[SourceQuality "1"]

1. e4 c5 2. Nc3 e6 3. f4 a6 4. Nf3 Qc7 5. d3 d6 6. Be2 Be7 7. 0-0 Nc6 8. Qe1 Nf6 9. Bd1 Nd4 10. Be3 Nxf3+ 11. Bxf3 Rb8 12. Qg3 g6 13. Rae1 b5 14. f5 b4 15. Ne2 gxf5 16. exf5 Rg8 17. Qf2 e5 18. Ng3 d5 19. Nh5 Bb7 20. Nxf6+ Bxf6 21. Bxc5 Rc8 22. Bxb4 Kd7 23. Re2 a5 24. Ba3 d4 25. Bxb7 Qxb7 26. Qf3 Qb5 27. Qe4 h5 28. b3 Rg4 29. Qf3 Rcg8 30. Bc1 h4 31. Bd2 Kd6 32. Be1 Qd5 33. Qxd5+ Kxd5 34. h3 R4g7 35. Bxa5 Ra8 36. Be1 Rxa2 37. c4+ 1-0

[Event "Karl Mala Memorial op-A 16th"]
[Site "Frankfurt"]
[Date "2013.07.14"]
[Round "7"]
[White "Kempf, Alexander"]
[Black "Skarke, Harald"]
[Result "1-0"]
[WhiteElo "1857"]
[BlackElo "2049"]
[PlyCount "45"]
[EventDate "2013.07.11"]
[EventType "swiss"]
[EventRounds "7"]
[EventCountry "GER"]
[SourceTitle "EXT 2014"]
[Source "ChessBase"]
[SourceDate "2013.11.20"]
[SourceVersion "1"]
[SourceVersionDate "2013.11.20"]
[SourceQuality "1"]

1. e4 c5 2. Nf3 e6 3. d4 cxd4 4. Nxd4 a6 5. Be3 Nf6 6. f3 Qc7 7. a3 d5 8. Nc3 dxe4 9. fxe4 b6 10. Be2 Bb7 11. Bf3 Nbd7 12. 0-0 Be7 13. Qe2 0-0 14. Rad1 Ne5 15. Bf4 Nxf3+ 16. Qxf3 e5 17. Bg3 Bc5 18. Kh1 Rad8 19. Nf5 Rxd1 20. Rxd1 Re8 21. Nd5 Nxd5 22. exd5 Qd7 23. Qg4 1-0

[Event "Hessen-ch Gr-B 62nd"]
[Site "Hanau"]
[Date "2008.03.21"]
[Round "5"]
[White "Schloessner, Henrik"]
[Black "Skarke, Harald"]
[Result "1/2-1/2"]
[WhiteElo "2120"]
[BlackElo "2055"]
[PlyCount "23"]
[EventDate "2008.03.19"]
[EventType "swiss"]
[EventRounds "7"]
[EventCountry "GER"]
[SourceTitle "CBM 123 Extra"]
[Source "ChessBase"]
[SourceDate "2008.05.06"]
[SourceVersion "1"]
[SourceVersionDate "2008.05.06"]
[SourceQuality "1"]

1. e4 c5 2. Nf3 e6 3. d4 cxd4 4. Nxd4 a6 5. c4 Qc7 6. Nc3 Nf6 7. Be3 d6 8. Be2 b6 9. 0-0 Bb7 10. Qc2 Nbd7 11. f4 Ke7 12. b3 1/2-1/2

[Event "Bayern-chI Bank Hofmann 6th"]
[Site "Bad Wiessee"]
[Date "2002.11.01"]
[Round "7"]
[White "Braunschlaeger, Claus"]
[Black "Skarke, Harald"]
[Result "1-0"]
[WhiteElo "2230"]
[BlackElo "2080"]
[PlyCount "55"]
[EventDate "2002.10.26"]
[EventType "swiss"]
[EventRounds "9"]
[EventCountry "GER"]
[SourceTitle "EXT 2003"]
[Source "ChessBase"]
[SourceDate "2002.11.25"]
[SourceVersion "1"]
[SourceVersionDate "2002.11.25"]
[SourceQuality "1"]

1. e4 c5 2. Nf3 e6 3. b4 cxb4 4. a3 Nf6 5. e5 Nd5 6. axb4 Bxb4 7. c3 Be7 8. d4 d6 9. Bd3 Nc6 10. 0-0 dxe5 11. dxe5 Qc7 12. Qe2 Bd7 13. Bd2 Rc8 14. Na3 Bc5 15. Nb5 Qb8 16. Qe4 a6 17. Nbd4 Nde7 18. Rfe1 Ng6 19. h4 h5 20. Qe2 Nce7 21. g3 Qa7 22. Be4 Rd8 23. Bg5 Rc8 24. Reb1 Rc7 25. Rd1 b5 26. Bxg6 Nxg6 27. Nxb5 Qb6 28. Rxa6 1-0

[Event "Bayern-chI Bank Hofmann 6th"]
[Site "Bad Wiessee"]
[Date "2002.10.28"]
[Round "3"]
[White "Biebinger, Gerhard"]
[Black "Skarke, Harald"]
[Result "1-0"]
[WhiteElo "2391"]
[BlackElo "2080"]
[PlyCount "75"]
[EventDate "2002.10.26"]
[EventType "swiss"]
[EventRounds "9"]
[EventCountry "GER"]
[SourceTitle "EXT 2003"]
[Source "ChessBase"]
[SourceDate "2002.11.25"]
[SourceVersion "1"]
[SourceVersionDate "2002.11.25"]
[SourceQuality "1"]

1. Nf3 c5 2. c4 Nf6 3. Nc3 d6 4. d4 cxd4 5. Nxd4 e6 6. e4 a6 7. Be2 Be7 8. 0-0 0-0 9. Be3 Nbd7 10. Rc1 Qc7 11. f3 b6 12. Qd2 Bb7 13. Rfd1 Rac8 14. Bf1 Rfe8 15. Qf2 Bf8 16. Kh1 Qb8 17. Nc2 d5 18. cxd5 exd5 19. exd5 b5 20. a3 Bd6 21. Ba7 Qa8 22. Nb4 Ne5 23. Bd4 Qb8 24. Ba7 Qa8 25. Qg1 Nc4 26. Bxc4 Rxc4 27. Bd4 Bf4 28. Rb1 Nd7 29. Bf2 f5 30. Qf1 Bd6 31. Nc6 Nf6 32. Na5 Rcc8 33. Qd3 g6 34. Bd4 Nd7 35. Bg1 Qb8 36. Nc6 Bxc6 37. dxc6 Rxc6 38. Qd5+ 1-0